1627 1636 1283 1915 1879 1513 1134 1348 1658 1576 1230 1851 1296 1456 1863 1595 1980 1640 1400 1589 1682 1574 1205 1840 1078 1546 1497 1006 1118 1774 1139 1471 1600 1381 1665 1277 1072 1162 1774 1141 1416 1160 1084 1706 1630 1184 1849 1888 1767 1447 1239 1778 1576 1589 1942 1201 1418 1270 1529 1705 1456 1928 1545 1752 1084 1743 1924 1635 1459 1850 1955 1759 1413 1875 1006 1100 1470 1767 1843 1326 1718 1250 1588 1142 1109 1448 1043 1437 1236 1399 1893 1705 1527 1376 1990 1297 1771 1350 1433 BCNSPRNW ULIB Ver.6.0+V

เปลี่ยนเป็นภาษาไทย

Change to English
 แสดงรายละเอียดบรรณานุกรม
  กลับหน้าหลัก

Brief Record : Get Marc (ISO 2709) : E-mail record : QR code < ปิดหน้าต่าง
LEADER : 00000nam 2200000uu 4500
001    13399115182
003     ULIB
008    120719s||||||||th 000 0 tha d
060  4 WY160.5^bท498ก
100 0  ทิพพาพร ตังอำนวย
245 00 การพยาบาลผู้ป่วยบาดเจ็บที่ศรีษะ/^cทิพพาพร ตังอำนวย
945    ^p0^l0^i016765
999 ^a ศิริพร
รายการนี้ยังไม่มีแท็ก
คุณยังไม่ได้ล็อกอิน คุณสามารถมีกิจกรรมร่วมกับเว็บไซต์ได้ แต่ต้องล็อกอินก่อน ::
  ล็อกอิน

รายการสื่อสารสนเทศ

ลำดับที่ ประเภท เลขเรียก/บาร์โค้ด สถานที่ สถานะ
- ไม่พบข้อมูล -

BibComment


ยังไม่เคยถูกคอมเมนท์

คอมเมนท์ทรัพยากรรายการนี้
  คอมเมนท์: การพยาบาลผู้ป่วยบ..


 Copyright 2026. Bcnsprnw @Library